[Event "19. Open de la Constitución 2017"]
[Site "San Sebastian de los Reyes ES"]
[Date "2017.12.06"]
[Round "5.3"]
[White "Lianes Garcia, Marcos"]
[Black "Elissalt Cardenas, Hector"]
[Result "1/2-1/2"]
[WhiteElo "2300"]
[BlackElo "2339"]
[PlyCount "42"]
[EventDate "2017.12.02"]
[EventType "swiss"]
[EventRounds "9"]
[EventCountry "ESP"]
[SourceTitle "Ajedrez en Madrid"]
[Source "lmi"]
[SourceDate "2017.12.02"]
[SourceVersion "1"]
[SourceVersionDate "2017.12.16"]
[SourceQuality "1"]

1. e4 Nf6 2. e5 Nd5 3. d4 d6 4. c4 Nb6 5. exd6 exd6 6. Nc3 Nc6 7. Be3 Bf5 8.
Nf3 Be7 9. Rc1 Bf6 10. h3 h6 11. b3 Bg6 12. Bd3 Bxd3 13. Qxd3 d5 14. c5 Nc8 15.
O-O Qd7 16. Bf4 N8e7 17. Rfe1 O-O 18. Be5 Bxe5 19. Nxe5 Nxe5 20. Rxe5 c6 21.
Re2 Ng6 1/2-1/2

[Event "19. Open de la Constitución 2017"]
[Site "San Sebastian de los Reyes ES"]
[Date "2017.12.06"]
[Round "5.4"]
[White "Torres Boch, Jose F"]
[Black "Sosa, Tomas"]
[Result "0-1"]
[WhiteElo "2143"]
[BlackElo "2460"]
[PlyCount "74"]
[EventDate "2017.12.02"]
[EventType "swiss"]
[EventRounds "9"]
[EventCountry "ESP"]
[SourceTitle "Ajedrez en Madrid"]
[Source "lmi"]
[SourceDate "2017.12.02"]
[SourceVersion "1"]
[SourceVersionDate "2017.12.16"]
[SourceQuality "1"]

1. e4 c5 2. Nf3 e6 3. d4 cxd4 4. Nxd4 Nc6 5. Nc3 Qc7 6. Be3 a6 7. Qd2 Nf6 8.
O-O-O Na5 9. Bf4 d6 10. e5 dxe5 11. Ndb5 axb5 12. Bxe5 Qe7 13. Nxb5 Nd5 14. c4
Nb3+ 15. axb3 Ra1+ 16. Kc2 Nb4+ 17. Kc3 Na2+ 18. Kd3 Rxd1 19. Qxd1 Qc5 20. Bd4
Qf5+ 21. Ke3 Be7 22. Bd3 Bg5+ 23. Ke2 Nc1+ 24. Kf1 Qxd3+ 25. Qxd3 Nxd3 26. Bxg7
Rg8 27. Bd4 e5 28. Bb6 Ke7 29. Nc3 Be6 30. g3 Bh3+ 31. Ke2 Nc1+ 32. Kd1 Bg4+
33. Kc2 Bf5+ 34. Kd1 Ra8 35. f4 Ra1 36. Rf1 exf4 37. Re1+ Kd7 0-1

[Event "19. Open de la Constitución 2017"]
[Site "San Sebastian de los Reyes ES"]
[Date "2017.12.06"]
[Round "5.5"]
[White "Vazquez Gonzalez, Jesus"]
[Black "Roa Alonso, Santiago"]
[Result "1/2-1/2"]
[WhiteElo "1943"]
[BlackElo "2354"]
[PlyCount "83"]
[EventDate "2017.12.02"]
[EventType "swiss"]
[EventRounds "9"]
[EventCountry "ESP"]
[SourceTitle "Ajedrez en Madrid"]
[Source "lmi"]
[SourceDate "2017.12.02"]
[SourceVersion "1"]
[SourceVersionDate "2017.12.16"]
[SourceQuality "1"]

1. e4 e5 2. Nf3 Nc6 3. Bc4 Bc5 4. c3 Nf6 5. d4 exd4 6. cxd4 Bb4+ 7. Bd2 Bxd2+
8. Nbxd2 d5 9. exd5 Nxd5 10. Qb3 Nce7 11. O-O O-O 12. Rfe1 c6 13. a4 Nb6 14.
Qa3 Nf5 15. Rad1 Nxc4 16. Nxc4 Be6 17. Ne3 Nxe3 18. fxe3 f5 19. e4 fxe4 20.
Rxe4 Bd5 21. Re7 b6 22. Qe3 Re8 23. Re5 Rxe5 24. dxe5 Qe7 25. Re1 Re8 26. Re2
Qb4 27. Qd4 Qxd4+ 28. Nxd4 g6 29. b4 a5 30. bxa5 bxa5 31. Kf2 Kf8 32. Rc2 Rxe5
33. Nxc6 Bxc6 34. Rxc6 Re4 35. Ra6 Rxa4 36. Ra7 h5 37. h4 Ra3 38. Ke2 a4 39.
Kf2 Kg8 40. Ke2 Ra1 41. Kf3 Rf1+ 42. Kg3 1/2-1/2

[Event "19. Open de la Constitución 2017"]
[Site "San Sebastian de los Reyes ES"]
[Date "2017.12.06"]
[Round "5.6"]
[White "Perez Gonzalez, Jose Manuel"]
[Black "Lozano Suarez, Luis Miguel"]
[Result "1-0"]
[WhiteElo "2226"]
[BlackElo "2163"]
[PlyCount "79"]
[EventDate "2017.12.02"]
[EventType "swiss"]
[EventRounds "9"]
[EventCountry "ESP"]
[SourceTitle "Ajedrez en Madrid"]
[Source "lmi"]
[SourceDate "2017.12.02"]
[SourceVersion "1"]
[SourceVersionDate "2017.12.16"]
[SourceQuality "1"]

1. e4 e5 2. Nf3 Nc6 3. Bc4 Bc5 4. b4 Bxb4 5. c3 Be7 6. d4 Na5 7. Be2 d6 8. Qa4+
c6 9. dxe5 dxe5 10. Nxe5 Nf6 11. O-O b5 12. Qc2 O-O 13. a4 a6 14. axb5 cxb5 15.
Rd1 Qb6 16. Be3 Qe6 17. Rxa5 Qxe5 18. Bd4 Qg5 19. Nd2 Bb7 20. Bf3 Nh5 21. e5
Bxf3 22. Nxf3 Qg4 23. h3 Qe6 24. Rda1 Nf4 25. Qe4 g5 26. Rxb5 f5 27. Qb7 g4 28.
Rb6 Qf7 29. e6 Qe8 30. hxg4 fxg4 31. Ne5 Ne2+ 32. Kf1 Nxd4 33. cxd4 g3 34. Nf7
Rxf7 35. exf7+ Kxf7 36. Qf3+ Kg8 37. Qxg3+ Kh8 38. Qe5+ Kg8 39. Re6 Ra7 40. Re1
1-0

[Event "19. Open de la Constitución 2017"]
[Site "San Sebastian de los Reyes ES"]
[Date "2017.12.06"]
[Round "5.7"]
[White "Pastor Alonso De Prado, Alberto"]
[Black "Perez Ordoñez, Jose Ramon"]
[Result "1-0"]
[WhiteElo "2166"]
[BlackElo "2066"]
[PlyCount "113"]
[EventDate "2017.12.02"]
[EventType "swiss"]
[EventRounds "9"]
[EventCountry "ESP"]
[SourceTitle "Ajedrez en Madrid"]
[Source "lmi"]
[SourceDate "2017.12.02"]
[SourceVersion "1"]
[SourceVersionDate "2017.12.16"]
[SourceQuality "1"]

1. e4 c5 2. c3 d5 3. exd5 Nf6 4. Bb5+ Nbd7 5. c4 a6 6. Ba4 b5 7. cxb5 Nxd5 8.
Nc3 N7b6 9. bxa6+ Nxa4 10. Qxa4+ Bd7 11. Qe4 Nb4 12. Nf3 Bc6 13. Qb1 Nd3+ 14.
Ke2 Nf4+ 15. Kf1 e6 16. d4 cxd4 17. Bxf4 dxc3 18. bxc3 Bc5 19. Ne5 Qd5 20. Nxc6
Qc4+ 21. Kg1 Qxf4 22. Qe1 O-O 23. g3 Qa4 24. Nb4 Bxb4 25. cxb4 Rxa6 26. Kg2
Qc6+ 27. f3 Qc4 28. Qd2 Rfa8 29. a3 h6 30. Rhc1 Qb5 31. Rc5 Qb6 32. Qc2 Qb7 33.
Rc7 Qb8 34. Qc5 Qd8 35. b5 Rd6 36. Ra2 Rd2+ 37. Rxd2 Qxd2+ 38. Qf2 Qxf2+ 39.
Kxf2 Rxa3 40. b6 Rb3 41. b7 Kh7 42. Rxf7 Kg6 43. Rc7 Kf6 44. h4 h5 45. Ke2 g5
46. hxg5+ Kxg5 47. Kd2 h4 48. gxh4+ Kxh4 49. Kc2 Rb6 50. Kc3 Kg3 51. Rf7 Kf2
52. Kd4 Rb3 53. Kc5 e5 54. Kc6 Ke3 55. Rf8 Rb4 56. Kc7 e4 57. fxe4 1-0

[Event "19. Open de la Constitución 2017"]
[Site "San Sebastian de los Reyes ES"]
[Date "2017.12.06"]
[Round "5.8"]
[White "Alfaya Marcelo, Roberto"]
[Black "Anton Quevedo, Andrea"]
[Result "1-0"]
[WhiteElo "2193"]
[BlackElo "1994"]
[PlyCount "101"]
[EventDate "2017.12.02"]
[EventType "swiss"]
[EventRounds "9"]
[EventCountry "ESP"]
[SourceTitle "Ajedrez en Madrid"]
[Source "lmi"]
[SourceDate "2017.12.02"]
[SourceVersion "1"]
[SourceVersionDate "2017.12.16"]
[SourceQuality "1"]

1. e4 Nf6 2. e5 Nd5 3. d4 d6 4. Nf3 Nc6 5. c4 Nb6 6. exd6 exd6 7. Nc3 Be7 8.
Be3 O-O 9. b3 Re8 10. Be2 a5 11. O-O Bf6 12. Qd2 Bf5 13. Rad1 a4 14. d5 Ne5 15.
Nd4 Bd7 16. h3 axb3 17. axb3 Ng6 18. Ra1 Rxa1 19. Rxa1 Bc8 20. Bf1 Nd7 21. Rc1
Nc5 22. Rb1 Ne4 23. Nxe4 Rxe4 24. g3 Re8 25. Bg2 Bd7 26. Qa2 Ne5 27. Rd1 Qc8
28. Kh2 h6 29. Rd2 Qa8 30. Qb1 Qd8 31. Ra2 Qe7 32. Qc2 Bc8 33. Nb5 Qd7 34. Na7
Ng6 35. Nxc8 Qxc8 36. Ra7 b6 37. Qa2 Qd7 38. Bxb6 Rc8 39. Be3 Qf5 40. Qa6 Be5
41. Be4 Qd7 42. Qc6 Qxc6 43. dxc6 Ne7 44. b4 f5 45. Bd5+ Nxd5 46. cxd5 Bf6 47.
Rb7 Bd8 48. Ba7 Ra8 49. b5 Kf8 50. b6 Rc8 51. Rb8 1-0

[Event "19. Open de la Constitución 2017"]
[Site "San Sebastian de los Reyes ES"]
[Date "2017.12.06"]
[Round "5.9"]
[White "Cardenas Serrano, Sergio"]
[Black "Rodriguez Valdeavaro, Julio C"]
[Result "1-0"]
[WhiteElo "2123"]
[BlackElo "1847"]
[PlyCount "69"]
[EventDate "2017.12.02"]
[EventType "swiss"]
[EventRounds "9"]
[EventCountry "ESP"]
[SourceTitle "Ajedrez en Madrid"]
[Source "lmi"]
[SourceDate "2017.12.02"]
[SourceVersion "1"]
[SourceVersionDate "2017.12.16"]
[SourceQuality "1"]

1. e4 c5 2. Nc3 d6 3. f4 g6 4. Nf3 Bg7 5. Bb5+ Bd7 6. Bxd7+ Qxd7 7. O-O Nc6 8.
d3 Nh6 9. a3 Nd4 10. h3 O-O 11. Ne2 Nxf3+ 12. Rxf3 f5 13. c3 e6 14. Be3 Rac8
15. Qb3 b5 16. exf5 Nxf5 17. Bf2 d5 18. Re1 Nd6 19. Ng3 c4 20. Qc2 e5 21. fxe5
Rxf3 22. gxf3 Nf5 23. e6 Qe7 24. Nxf5 gxf5 25. f4 Rf8 26. dxc4 dxc4 27. Qe2 Bf6
28. Rd1 Re8 29. Re1 Rd8 30. Kh2 Qc7 31. e7 Bxe7 32. Qxe7 Qxf4+ 33. Bg3 Qd2+ 34.
Re2 Qd5 35. Be5 1-0

[Event "19. Open de la Constitución 2017"]
[Site "San Sebastian de los Reyes ES"]
[Date "2017.12.06"]
[Round "5.10"]
[White "Hernandez Ramos, David"]
[Black "Alonso Garuti, Luis E"]
[Result "1/2-1/2"]
[WhiteElo "2054"]
[BlackElo "1816"]
[PlyCount "58"]
[EventDate "2017.12.02"]
[EventType "swiss"]
[EventRounds "9"]
[EventCountry "ESP"]
[SourceTitle "Ajedrez en Madrid"]
[Source "lmi"]
[SourceDate "2017.12.02"]
[SourceVersion "1"]
[SourceVersionDate "2017.12.16"]
[SourceQuality "1"]

1. d4 Nf6 2. c4 e6 3. Nc3 Bb4 4. Bd2 O-O 5. Nf3 d5 6. e3 b6 7. cxd5 exd5 8. Bd3
Be7 9. Qc2 Bb7 10. O-O c5 11. dxc5 bxc5 12. Na4 Qd6 13. b4 c4 14. Be2 Ne4 15.
Rab1 Nd7 16. Rfd1 Qh6 17. Nc3 f5 18. Nd4 Rae8 19. f4 Kh8 20. Bf3 g5 21. g3 Qg6
22. Nxe4 fxe4 23. f5 Qh6 24. Bg2 Bf6 25. Bc3 Ne5 26. Bf1 g4 27. Qf2 Nf3+ 28.
Kh1 Qg5 29. Nxf3 exf3 1/2-1/2

[Event "19. Open de la Constitución 2017"]
[Site "San Sebastian de los Reyes ES"]
[Date "2017.12.06"]
[Round "5.11"]
[White "Unciti Juan, Javier"]
[Black "Minguela Muñoz, Bienvenido"]
[Result "1/2-1/2"]
[WhiteElo "2037"]
[BlackElo "1813"]
[PlyCount "64"]
[EventDate "2017.12.02"]
[EventType "swiss"]
[EventRounds "9"]
[EventCountry "ESP"]
[SourceTitle "Ajedrez en Madrid"]
[Source "lmi"]
[SourceDate "2017.12.02"]
[SourceVersion "1"]
[SourceVersionDate "2017.12.16"]
[SourceQuality "1"]

1. e4 c5 2. Nf3 Nc6 3. d4 cxd4 4. Nxd4 Qb6 5. Nb3 Nf6 6. Nc3 a6 7. Be3 Qc7 8.
f4 d6 9. Be2 e6 10. O-O Be7 11. Bf3 Rb8 12. Qe1 b5 13. Qg3 b4 14. Ne2 e5 15. c3
h5 16. Rac1 h4 17. Qf2 h3 18. f5 hxg2 19. Qxg2 g5 20. cxb4 g4 21. Bxg4 Rxb4 22.
Nc3 Rg8 23. h3 Qb7 24. Nd5 Nxd5 25. exd5 Nd4 26. Na5 Qd7 27. Bxd4 Rxd4 28. Nc6
Rd3 29. f6 Rxg4 30. hxg4 Bd8 31. g5 Bb6+ 32. Rf2 Rd2 1/2-1/2

[Event "19. Open de la Constitución 2017"]
[Site "San Sebastian de los Reyes ES"]
[Date "2017.12.06"]
[Round "5.12"]
[White "Alvarez Gonzalez, Eduardo"]
[Black "Bartolome Martin, Angel"]
[Result "1-0"]
[WhiteElo "1789"]
[BlackElo "1936"]
[PlyCount "93"]
[EventDate "2017.12.02"]
[EventType "swiss"]
[EventRounds "9"]
[EventCountry "ESP"]
[SourceTitle "Ajedrez en Madrid"]
[Source "lmi"]
[SourceDate "2017.12.02"]
[SourceVersion "1"]
[SourceVersionDate "2017.12.16"]
[SourceQuality "1"]

1. d4 Nf6 2. Nf3 g6 3. c4 Bg7 4. Nc3 d6 5. e4 O-O 6. Be2 e5 7. O-O Nc6 8. d5
Ne7 9. Nd2 a5 10. Rb1 Nd7 11. b3 f5 12. a3 Kh8 13. b4 Nf6 14. bxa5 f4 15. Nb3
g5 16. f3 Ng6 17. c5 h5 18. cxd6 cxd6 19. Na4 Rg8 20. Nb6 Rb8 21. Nd2 Nh4 22.
Nxc8 Qxc8 23. Nc4 Bf8 24. Qe1 Be7 25. Bd2 Rg7 26. Bb4 Qd7 27. Qf2 Rbg8 28. Kh1
Ng6 29. Qb6 Ne8 30. Nd2 g4 31. Bb5 Qd8 32. Qxd8 Bxd8 33. Bxe8 Rxe8 34. Bxd6
Bxa5 35. Nc4 Bd8 36. Rbc1 Kh7 37. Bb4 Nh4 38. Be1 gxf3 39. gxf3 b5 40. Bxh4
Bxh4 41. Nd6 Ra8 42. Nf5 Bf6 43. Nxg7 Bxg7 44. Rb1 Rxa3 45. Rxb5 Bf6 46. Rb7+
Kg6 47. Rg1+ 1-0

[Event "19. Open de la Constitución 2017"]
[Site "San Sebastian de los Reyes ES"]
[Date "2017.12.06"]
[Round "5.13"]
[White "Largo Barbero, Benito"]
[Black "Llamas Aliste, Alberto"]
[Result "1-0"]
[WhiteElo "1925"]
[BlackElo "1678"]
[PlyCount "55"]
[EventDate "2017.12.02"]
[EventType "swiss"]
[EventRounds "9"]
[EventCountry "ESP"]
[SourceTitle "Ajedrez en Madrid"]
[Source "lmi"]
[SourceDate "2017.12.02"]
[SourceVersion "1"]
[SourceVersionDate "2017.12.16"]
[SourceQuality "1"]

1. d4 Nf6 2. Bg5 g6 3. Nc3 d5 4. Nf3 Bg7 5. e3 O-O 6. Be2 Ne4 7. Nxe4 dxe4 8.
Nd2 c5 9. c3 cxd4 10. exd4 Qd5 11. h4 e3 12. Bxe3 e5 13. Bf3 Qe6 14. d5 Qe7 15.
Ne4 Qd8 16. Qb3 Nd7 17. h5 Nf6 18. hxg6 Nxe4 19. gxf7+ Rxf7 20. Bxe4 Bf5 21.
Bxf5 Rxf5 22. O-O-O Qd6 23. Qc2 e4 24. Qxe4 Bxc3 25. bxc3 Qa3+ 26. Kd2 Raf8 27.
Qg4+ Kh8 28. Rxh7+ 1-0

[Event "19. Open de la Constitución 2017"]
[Site "San Sebastian de los Reyes ES"]
[Date "2017.12.06"]
[Round "5.14"]
[White "De Vicente Guijarro, Juan"]
[Black "Alfaya Martinez, Enrique"]
[Result "1-0"]
[WhiteElo "1879"]
[BlackElo "1613"]
[PlyCount "67"]
[EventDate "2017.12.02"]
[EventType "swiss"]
[EventRounds "9"]
[EventCountry "ESP"]
[SourceTitle "Ajedrez en Madrid"]
[Source "lmi"]
[SourceDate "2017.12.02"]
[SourceVersion "1"]
[SourceVersionDate "2017.12.16"]
[SourceQuality "1"]

1. e4 c5 2. Nc3 d6 3. Nf3 Nf6 4. d4 cxd4 5. Nxd4 g6 6. Bc4 Bg7 7. O-O O-O 8. h3
Nc6 9. Be3 Bd7 10. Re1 Nxd4 11. Bxd4 a6 12. a4 Rc8 13. Bf1 Qa5 14. Nd5 Nxd5 15.
Bxg7 Kxg7 16. exd5 Rfe8 17. Qd4+ f6 18. b4 Qc7 19. c4 e5 20. Qe3 b6 21. Rec1
Qb7 22. a5 b5 23. Qb6 Rb8 24. Qxd6 bxc4 25. Rxc4 Rbc8 26. Rac1 Kh6 27. Qxf6
Rxc4 28. Rxc4 e4 29. Qf4+ Kg7 30. Qd6 e3 31. Rc7 Qxc7 32. Qxc7 Re7 33. fxe3 Rf7
34. Qe5+ 1-0

[Event "19. Open de la Constitución 2017"]
[Site "San Sebastian de los Reyes ES"]
[Date "2017.12.06"]
[Round "5.15"]
[White "Gonzalez Berrendero, Carlos"]
[Black "Aragon Lopez, Hiria"]
[Result "1-0"]
[WhiteElo "1854"]
[BlackElo "1488"]
[PlyCount "101"]
[EventDate "2017.12.02"]
[EventType "swiss"]
[EventRounds "9"]
[EventCountry "ESP"]
[SourceTitle "Ajedrez en Madrid"]
[Source "lmi"]
[SourceDate "2017.12.02"]
[SourceVersion "1"]
[SourceVersionDate "2017.12.16"]
[SourceQuality "1"]

1. b3 d5 2. Bb2 e6 3. e3 Nf6 4. f4 Be7 5. Ne2 c5 6. g3 Nc6 7. Bg2 Bd7 8. O-O
O-O 9. Na3 Qb6 10. c4 Rfd8 11. f5 d4 12. fxe6 Bxe6 13. exd4 Nxd4 14. Nxd4 cxd4
15. d3 Ng4 16. Nc2 Ne3 17. Nxe3 dxe3 18. Qe2 Bc5 19. Kh1 Bd7 20. Rad1 Bc6 21.
Rf4 Rd7 22. d4 Bxg2+ 23. Kxg2 Rad8 24. Qxe3 Qc6+ 25. Kg1 Re7 26. Qf3 Qxf3 27.
Rxf3 Re2 28. Rf2 Rxf2 29. Kxf2 f6 30. Kf3 Kf7 31. a3 Bd6 32. Re1 Re8 33. Rxe8
Kxe8 34. Ke4 Ke7 35. c5 Bc7 36. d5 Kd7 37. b4 Bd8 38. h4 Bc7 39. g4 Bd8 40. h5
Ke7 41. b5 Kd7 42. Kf5 Ke7 43. a4 Kd7 44. Ba3 Be7 45. c6+ bxc6 46. bxc6+ Kd8
47. d6 Bf8 48. Ke6 a6 49. c7+ Kc8 50. d7+ Kxc7 51. Bxf8 1-0

[Event "19. Open de la Constitución 2017"]
[Site "San Sebastian de los Reyes ES"]
[Date "2017.12.06"]
[Round "5.16"]
[White "Robles Diaz, Jose Alberto"]
[Black "Rivera Comino, Oscar"]
[Result "1-0"]
[WhiteElo "2136"]
[BlackElo "1707"]
[PlyCount "99"]
[EventDate "2017.12.02"]
[EventType "swiss"]
[EventRounds "9"]
[EventCountry "ESP"]
[SourceTitle "Ajedrez en Madrid"]
[Source "lmi"]
[SourceDate "2017.12.02"]
[SourceVersion "1"]
[SourceVersionDate "2017.12.16"]
[SourceQuality "1"]

1. Nf3 e6 2. g3 b6 3. Bg2 Bb7 4. O-O Nf6 5. c4 c5 6. Nc3 Be7 7. b3 O-O 8. d4
cxd4 9. Qxd4 d5 10. Ne5 Nc6 11. Nxc6 Bxc6 12. Bb2 Rc8 13. cxd5 Bc5 14. Qd3 Nxd5
15. Nxd5 Bxd5 16. Bxd5 Qxd5 17. Qxd5 exd5 18. Rfd1 Rfd8 19. Rac1 a5 20. a4 f6
21. Rd3 Rd7 22. Kg2 Rcd8 23. g4 Kf7 24. Bc3 h6 25. Bxa5 Bxf2 26. Kxf2 bxa5 27.
Rc5 Ra7 28. Rdxd5 Rxd5 29. Rxd5 Rb7 30. Rxa5 Rxb3 31. h4 g6 32. e3 Rb2+ 33. Kf3
Rh2 34. h5 Rh3+ 35. Ke4 g5 36. Ra7+ Kg8 37. a5 f5+ 38. Kxf5 Rxe3 39. a6 Rc3 40.
Rb7 Rc5+ 41. Ke4 Rc4+ 42. Kf3 Rc3+ 43. Ke2 Rc2+ 44. Kd3 Ra2 45. a7 Ra3+ 46. Kc2
Ra2+ 47. Kb1 Ra6 48. Rb8+ Kg7 49. a8=Q Rxa8 50. Rxa8 1-0

[Event "19. Open de la Constitución 2017"]
[Site "San Sebastian de los Reyes ES"]
[Date "2017.12.06"]
[Round "5.17"]
[White "Moreno Uribarri, Miguel"]
[Black "Rodrigo Yanguas, Maria"]
[Result "0-1"]
[WhiteElo "1582"]
[BlackElo "2071"]
[PlyCount "30"]
[EventDate "2017.12.02"]
[EventType "swiss"]
[EventRounds "9"]
[EventCountry "ESP"]
[SourceTitle "Ajedrez en Madrid"]
[Source "lmi"]
[SourceDate "2017.12.02"]
[SourceVersion "1"]
[SourceVersionDate "2017.12.16"]
[SourceQuality "1"]

1. e4 e6 2. d4 d5 3. Nd2 c5 4. exd5 Qxd5 5. Ngf3 cxd4 6. Bc4 Qc5 7. O-O Nf6 8.
Qe2 Nc6 9. Nb3 Qh5 10. Bf4 Qg4 11. Bg3 Be7 12. Rfe1 O-O 13. Nbxd4 Nxd4 14. Nxd4
Qxd4 15. Be5 Qc5 0-1

[Event "19. Open de la Constitución 2017"]
[Site "San Sebastian de los Reyes ES"]
[Date "2017.12.06"]
[Round "5.18"]
[White "Lozano Freras, Sergio"]
[Black "Perez Cameselle, Francisco Jose"]
[Result "1/2-1/2"]
[WhiteElo "1972"]
[BlackElo "1755"]
[PlyCount "41"]
[EventDate "2017.12.02"]
[EventType "swiss"]
[EventRounds "9"]
[EventCountry "ESP"]
[SourceTitle "Ajedrez en Madrid"]
[Source "lmi"]
[SourceDate "2017.12.02"]
[SourceVersion "1"]
[SourceVersionDate "2017.12.16"]
[SourceQuality "1"]

1. e4 e5 2. Nf3 Nc6 3. Bb5 a6 4. Bxc6 dxc6 5. O-O Bd6 6. d4 exd4 7. Qxd4 f6 8.
Re1 Ne7 9. Nc3 O-O 10. e5 Bxe5 11. Qxd8 Rxd8 12. Nxe5 fxe5 13. Bg5 Rd7 14. Rxe5
Ng6 15. Re8+ Kf7 16. Rae1 h6 17. Bc1 Ne7 18. Rh8 Ng6 19. Rhe8 Ne7 20. Rh8 Ng6
21. Rhe8 1/2-1/2

[Event "19. Open de la Constitución 2017"]
[Site "San Sebastian de los Reyes ES"]
[Date "2017.12.06"]
[Round "5.19"]
[White "Nuevo Benitez, Miguel Angel"]
[Black "Garcia Prados, David"]
[Result "1/2-1/2"]
[WhiteElo "1571"]
[BlackElo "1953"]
[PlyCount "160"]
[EventDate "2017.12.02"]
[EventType "swiss"]
[EventRounds "9"]
[EventCountry "ESP"]
[SourceTitle "Ajedrez en Madrid"]
[Source "lmi"]
[SourceDate "2017.12.02"]
[SourceVersion "1"]
[SourceVersionDate "2017.12.16"]
[SourceQuality "1"]

1. f4 d5 2. Nf3 Nf6 3. e3 c6 4. c4 e6 5. a3 Nbd7 6. Nc3 Bd6 7. d4 O-O 8. c5 Be7
9. Bd3 Ne8 10. O-O f5 11. Kh1 b6 12. cxb6 axb6 13. Ne5 Nxe5 14. fxe5 Ba6 15.
Bxa6 Rxa6 16. Ne2 g5 17. Rf3 h5 18. Qf1 Ra8 19. g3 Ng7 20. Bd2 Kh7 21. Qg2 Rc8
22. Rg1 g4 23. Rf2 Bg5 24. h3 Kg6 25. Rgf1 Rh8 26. Kg1 Rh7 27. Nf4+ Bxf4 28.
Rxf4 gxh3 29. Qxh3 Kf7 30. e4 dxe4 31. Rxe4 Ke8 32. Ref4 Kd7 33. g4 Qg8 34. g5
Qf7 35. Qb3 Kc7 36. Qg3 Qg6 37. Rc1 Kb7 38. b4 Ne8 39. Qg2 Rhc7 40. b5 Qf7 41.
Rf2 Qd7 42. Bb4 Ka7 43. Rd2 cxb5 44. Rxc7+ Nxc7 45. g6 Rg8 46. Qg5 Nd5 47. Bd6
Qc8 48. Qxh5 Qc1+ 49. Rd1 Rxg6+ 50. Qxg6 Qxd1+ 51. Kh2 Qd2+ 52. Kh1 Qe1+ 53.
Qg1 Qh4+ 54. Qh2 Qe4+ 55. Qg2 Qh4+ 56. Qh2 Qxh2+ 57. Kxh2 Kb7 58. Kg3 Kc6 59.
Kf3 Nc3 60. Ke3 Ne4 61. Bb4 Kd5 62. Be1 Ng5 63. Bh4 Nh3 64. Kf3 Kxd4 65. Kg3
Kxe5 66. Kxh3 Kf4 67. Kg2 e5 68. Kf2 e4 69. Bg3+ Kg4 70. Bc7 f4 71. Bxb6 Kf5
72. Bd4 Ke6 73. Ke2 Kd5 74. Bc3 Kc4 75. Bb4 Kd4 76. Bd6 f3+ 77. Kf2 Kd3 78. Bc5
Kc4 79. Be3 b4 80. axb4 Kxb4 1/2-1/2

[Event "19. Open de la Constitución 2017"]
[Site "San Sebastian de los Reyes ES"]
[Date "2017.12.06"]
[Round "5.20"]
[White "Bello Burguet, Glenier Lazaro"]
[Black "Criado Jimenez, Jose"]
[Result "1-0"]
[WhiteElo "1917"]
[BlackElo "1615"]
[PlyCount "125"]
[EventDate "2017.12.02"]
[EventType "swiss"]
[EventRounds "9"]
[EventCountry "ESP"]
[SourceTitle "Ajedrez en Madrid"]
[Source "lmi"]
[SourceDate "2017.12.02"]
[SourceVersion "1"]
[SourceVersionDate "2017.12.16"]
[SourceQuality "1"]

1. d4 d5 2. Bf4 Bf5 3. e3 Nf6 4. h3 h6 5. Nf3 e6 6. c3 Bd6 7. Bxd6 cxd6 8. Qb3
Qe7 9. Be2 O-O 10. O-O Nc6 11. a4 b6 12. Na3 Ne8 13. Rfc1 Nc7 14. c4 Na5 15.
Qd1 dxc4 16. Nxc4 Nxc4 17. Rxc4 Be4 18. Rac1 Na6 19. Nd2 Bb7 20. Bf3 d5 21.
R4c3 Rac8 22. Qb3 Rxc3 23. bxc3 Nc7 24. a5 b5 25. Qb2 Bc8 26. Be2 a6 27. Nb3
Rd8 28. Nc5 Rd6 29. f4 Qh4 30. Bf3 Ne8 31. Kh2 Qe7 32. e4 dxe4 33. Bxe4 Nf6 34.
Re1 Nxe4 35. Rxe4 Qd8 36. Qb4 Rd5 37. Re5 Rxe5 38. dxe5 Qd5 39. Qd4 Qxd4 40.
cxd4 f6 41. Kg3 Kf7 42. Kf3 Ke7 43. Ke4 f5+ 44. Kd3 Kd8 45. d5 exd5 46. Kd4 h5
47. g3 Ke7 48. Kxd5 g5 49. Kc6 Be6 50. Nxa6 h4 51. gxh4 gxf4 52. Nb4 Bd7+ 53.
Kc5 f3 54. Nd3 b4 55. Kxb4 Bc6 56. Kc5 Be4 57. Nf2 Ke6 58. Kd4 Bb7 59. h5 Kf7
60. Ke3 Kg7 61. Kf4 Be4 62. Nxe4 fxe4 63. Ke3 1-0

[Event "19. Open de la Constitución 2017"]
[Site "San Sebastian de los Reyes ES"]
[Date "2017.12.06"]
[Round "5.21"]
[White "Cabañas Bravo, Juan Andres"]
[Black "Braziunaite, Rasa"]
[Result "1-0"]
[WhiteElo "1910"]
[BlackElo "1517"]
[PlyCount "85"]
[EventDate "2017.12.02"]
[EventType "swiss"]
[EventRounds "9"]
[EventCountry "ESP"]
[SourceTitle "Ajedrez en Madrid"]
[Source "lmi"]
[SourceDate "2017.12.02"]
[SourceVersion "1"]
[SourceVersionDate "2017.12.16"]
[SourceQuality "1"]

1. e4 d5 2. exd5 Qxd5 3. Nc3 Qa5 4. d4 c6 5. Bc4 Bf5 6. Nf3 e6 7. Bd2 Qb6 8.
Bb3 Bd6 9. Qe2 Nf6 10. O-O-O Nbd7 11. Nh4 Bg6 12. Bxe6 fxe6 13. Qxe6+ Be7 14.
Rhe1 Qd8 15. d5 Bf7 16. Qe2 Kf8 17. dxc6 bxc6 18. Nf5 Bb4 19. Bf4 Nd5 20. Nxd5
cxd5 21. c3 Qf6 22. g4 Rc8 23. Kb1 Bc5 24. b4 Qxc3 25. bxc5 Qb4+ 26. Ka1 Qxf4
27. Qe7+ Kg8 28. Qxd7 Rb8 29. Qd6 Qxd6 30. Nxd6 h6 31. c6 Rb6 32. Re7 Bg6 33.
c7 Kh7 34. Ne8 Bxe8 35. c8=Q Bg6 36. Qc7 Rg8 37. Qxa7 Rb5 38. a4 Rb4 39. Rxd5
Rgb8 40. Rb5 R8xb5 41. axb5 Rxb5 42. Rxg7+ Kh8 43. Rxg6 1-0

[Event "19. Open de la Constitución 2017"]
[Site "San Sebastian de los Reyes ES"]
[Date "2017.12.06"]
[Round "5.23"]
[White "Fernandez Diaz, Ricardo"]
[Black "Chidichimo, Pedro Jose Maria"]
[Result "1/2-1/2"]
[WhiteElo "1493"]
[BlackElo "1791"]
[PlyCount "95"]
[EventDate "2017.12.02"]
[EventType "swiss"]
[EventRounds "9"]
[EventCountry "ESP"]
[SourceTitle "Ajedrez en Madrid"]
[Source "lmi"]
[SourceDate "2017.12.02"]
[SourceVersion "1"]
[SourceVersionDate "2017.12.16"]
[SourceQuality "1"]

1. d4 d6 2. e4 Nf6 3. Nc3 Nbd7 4. Nf3 e5 5. Be2 Be7 6. O-O c6 7. Bg5 Qc7 8. Re1
Nf8 9. d5 h6 10. Bxf6 Bxf6 11. Qd2 c5 12. Nb5 Qb6 13. Rab1 a6 14. Na3 Qc7 15.
b4 cxb4 16. Qxb4 Nd7 17. Nc4 Be7 18. Rec1 Rb8 19. Nb6 Nxb6 20. Qxb6 Bd8 21.
Qxc7 Bxc7 22. c4 b6 23. Nh4 g6 24. Rf1 Bd8 25. Nf3 Be7 26. Ne1 Bd7 27. f4 exf4
28. Rxf4 Bg5 29. Rf1 Be3+ 30. Kh1 O-O 31. Rf6 Bc5 32. Nd3 Ba4 33. Bd1 Kg7 34.
Rf1 Bxd1 35. Rfxd1 Rfe8 36. Re1 f6 37. Nf4 Kf7 38. Ne6 Rxe6 39. dxe6+ Kxe6 40.
h3 Ke5 41. Rbd1 Bb4 42. Rd5+ Ke6 43. Red1 Rc8 44. Rc1 b5 45. Rb1 Rxc4 46. Rbd1
Rxe4 47. R5d4 Ke5 48. Rd5+ 1/2-1/2